[Event "HCL-E1490"]
[Site "www.playchess.de"]
[Date "2006.02.09"]
[Round "7"]
[White "Kurt_Rohrer"]
[Black "Rustaveli"]
[WhiteElo "1928"]
[BlackElo "1790"]
[PlyCount "59"]
[Result "1-0"]

1.e4 {Hallo mein Freund!Schoen,welch ein 
Zufall,viel Glueck!}  c5 {Naja, so lange nicht 
mehr gesehen... Wie geht's Dir, denn?}  2.Nf3 {Uns 
geht es gut und Euch?Was war mit Deiner Partie 
gegen den Russe los?}  e6 {Uns geht´s auch gut, 
sind aber nie dazugekommen, nach Aracati zu 
fahren... Vielleicht schaffen wir es im kommenden 
Januar! Was dem Russen betrifft, habe keine 
Ahnung. Erst jetzt erfahren, dass er aufgegeben 
hat...}  3.d4 {Das Angebot nach quixaba ist immer 
offen...}  cxd4 {Vielen Dank, mein Freund. 
Nächstes Jahr haben Fernanda und ich wieder einmal 
Ferien zusammen (im Januar). Das erste Mal in sehr 
vielen Jahren. Wer weiss, vielleicht klappt es 
diesmal?}  4.Nxd4 {Spielst Du nicht mehr in 
fortaleza?}  Nf6 {Naja, in den letzten zwei Jahren 
bin ich wegen meiner Arbeit nicht dazugekommen. 
Vielleicht nächstes Jahr wieder.}  5.Nc3 d6 6.Bg5 
{Warst Du in der Zwischenzeit wie damals geplant 
in Europa?}  a6 {Nein, es hat nicht geklappt, 
leider...}  7.f4 Nbd7 8.Qf3 Qc7 9.O-O-O Be7 10.g4 
b5 11.Bxf6 gxf6 12.f5 Ne5 13.Qh3 b4 14.Nce2 Bd7 
15.Nf4 Rc8 16.fxe6 fxe6 17.Qh5+ Nf7 18.Bd3 e5 
19.Nfe6 Qa5 20.Ng7+ Kd8 21.Qxf7 exd4 22.Nf5 Bxf5 
23.gxf5 Rf8 24.Qb3 Qb6 {Oi, Kurt! Estou seriamente 
decidido a aceitar seu convite e ir passar aí pelo 
menos um fim de semana em janeiro com a Fernanda. 
Vcs vão estar aí todo o mês? P/favor confirme seu 
telefone, pois o nr que tenho é de uns 4 anos 
atrás.
Abraço!}  25.Rhg1 {Oi, quintino legal!Aparti do 13 
de janeiro estaremos livres e em casa,o tel e o 
mesmo:(088)34463077,(088)88043715.Abraço!}  a5 
{OK, vou telefonar!}  26.Rg7 Ra8 27.Rdg1 Ra7 
28.Qe6 Qc5 29.Rxh7 a4 30.Rg8 1-0

[Event "HCL-B3608"]
[Site "www.playchess.de"]
[Date "2006.02.09"]
[Round "3"]
[White "aidogael"]
[Black "ppadala"]
[WhiteElo "1120"]
[BlackElo "1290"]
[PlyCount "75"]
[Result "1-0"]

1.e4 e5 2.Nf3 Nc6 3.Bc4 Nf6 4.Nc3 Bc5 5.O-O O-O 
6.d3 h6 7.a3 b5 8.Bxb5 Bb7 9.Bxc6 Bxc6 10.Nxe5 Bb7 
11.Nf3 d5 12.Nxd5 Nxd5 13.exd5 Bxd5 14.d4 Bb6 
15.c3 Qf6 16.Qd3 Rad8 17.c4 Bxf3 18.Qxf3 Qxd4 
19.h3 Qxc4 20.Be3 Rd3 21.Rac1 Qb3 22.Rfd1 Rfd8 
23.Rde1 Qxb2 24.a4 Qb3 25.Qg4 Bxe3 26.fxe3 Rxe3 
27.Ref1 Rg3 28.Qe2 Qxa4 29.Rfd1 Rxd1+ 30.Rxd1 Qf4 
31.Rd8+ Kh7 32.Qc2+ g6 33.Rd7 Re3 34.Qf2 Qxf2+ 
35.Kxf2 Rc3 36.Rxf7+ Kg8 37.Rd7 a5 
38.Rd8+ 1-0

[Event "HCL-B3803"]
[Site "www.playchess.de"]
[Date "2006.02.09"]
[Round "3"]
[White "MasterStefan"]
[Black "Oreocereus_trollii"]
[WhiteElo "1241"]
[BlackElo "1502"]
[PlyCount "27"]
[Result "1-0"]

1.e4 {Hi, have a nice game}  e5 {Yes I hope it 
too!! Greetings from Regensburg in Germany}  2.Nf3 
{Greetings from Bergambacht, Holland :)}  Nc6 3.d4 
exd4 4.Nxd4 Bc5 5.Nxc6 Qf6 6.Qf3 Qxf3 7.gxf3 dxc6 
8.Bf4 Bd6 9.Be3 Be6 10.Bd4 f6 11.Bd3 Ne7 12.Nc3 
Ng6 13.O-O Kf7 14.a3 1-0

[Event "HCL-A2580"]
[Site "www.playchess.de"]
[Date "2006.02.10"]
[Round "3"]
[White "leyima"]
[Black "Kinslayer"]
[WhiteElo "1317"]
[BlackElo "1723"]
[PlyCount "24"]
[Result "0-1"]

1.e4 c5 2.Nf3 Nc6 3.Bc4 g6 4.Ng5 e6 5.Qf3 Qxg5 
6.d4 Qxc1+ 7.Qd1 Qxd1+ 8.Kxd1 cxd4 9.Nd2 Bg7 
10.Nf3 Nge7 11.Ke2 O-O 12.Rad1 
d5 0-1

[Event "HCL-B3640"]
[Site "www.playchess.de"]
[Date "2006.02.10"]
[Round "4"]
[White "filcexez"]
[Black "somporn"]
[WhiteElo "1170"]
[BlackElo "1206"]
[PlyCount "84"]
[Result "0-1"]

1.c4 e5 2.Nc3 Be7 3.g3 f5 4.Bg2 Nf6 5.e3 O-O 
6.Nge2 c6 7.O-O d5 8.cxd5 cxd5 9.Qb3 Qb6 10.Bxd5+ 
Nxd5 11.Nxd5 Qxb3 12.Nxe7+ Kf7 13.Nxc8 Qd3 14.Re1 
Rxc8 15.Nc3 Nc6 16.b3 Nb4 17.Bb2 Qxd2 18.Rab1 Rxc3 
19.Bxc3 Qxc3 20.Rbc1 Qd2 21.Rc7+ Kf6 22.Rf1 Rb8 
23.Kg2 h5 24.h4 Nc6 25.b4 Qxb4 26.Rd1 g5 27.Rh7 g4 
28.Rh6+ Kg7 29.Rdd6 Qc5 30.Rdg6+ Kf7 31.Rgf6+ Ke7 
32.Rfe6+ Kd7 33.Red6+ Qxd6 34.Rxd6+ Kxd6 35.f3 Kd5 
36.f4 Ke4 37.Kf2 Rd8 38.fxe5 Nxe5 39.Ke2 Nf3 40.a3 
Rd2+ 41.Kf1 Kxe3 42.a4 Rf2+ 0-1

[Event "HCL-C3944"]
[Site "www.playchess.de"]
[Date "2006.02.10"]
[Round "16"]
[White "chessmutt"]
[Black "Djusta"]
[WhiteElo "1260"]
[BlackElo "1333"]
[PlyCount "54"]
[Result "0-1"]

1.d4 d5 2.Nc3 Nc6 3.Bf4 e6 4.Nb5 Bb4+ 5.c3 Ba5 
6.e3 Bd7 7.Nf3 Nf6 8.Bg5 h6 9.Bxf6 Qxf6 10.Bd3 a6 
11.Na3 O-O-O 12.O-O e5 13.dxe5 Nxe5 14.Nxe5 Qxe5 
15.c4 Qxb2 16.Qb3 Bc3 17.Qxb2 Bxb2 18.Nc2 Bxa1 
19.Nxa1 dxc4 20.Bxc4 Be6 21.Bxe6+ fxe6 22.Nb3 Rd3 
23.Nc5 Rd6 24.f4 Rhd8 25.Kf2 R6d2+ 26.Kg3 R8d6 
27.Nb3 Rxa2 0-1

[Event "HCL-A2573"]
[Site "www.playchess.de"]
[Date "2006.02.10"]
[Round "18"]
[White "Andy1"]
[Black "SMA"]
[WhiteElo "1488"]
[BlackElo "1175"]
[PlyCount "21"]
[Result "1-0"]

1.e4 e5 2.Nf3 Nc6 3.d4 Nxd4 4.Nxe5 f6 5.Qxd4 fxe5 
6.Qxe5+ Qe7 7.Qxe7+ Bxe7 8.Bc4 Bf6 9.O-O Ne7 10.c3 
d5 11.exd5 1-0

[Event "HCL-M844"]
[Site "www.playchess.de"]
[Date "2006.02.10"]
[Round "9"]
[White "edmonte"]
[Black "ABE"]
[WhiteElo "2158"]
[BlackElo "1646"]
[PlyCount "35"]
[Result "1-0"]

1.e4 c5 {Hi from Mexico city}  2.Nf3 e6 3.d4 d5 
4.exd5 exd5 5.Qe2+ Qe7 6.Nc3 Qxe2+ 7.Bxe2 Nf6 
8.O-O Be7 9.Bb5+ Bd7 10.dxc5 Nc6 11.Re1 Be6 12.Nd4 
Kd7 13.b4 a6 14.Ba4 Rhc8 15.Bf4 Ne8 16.Nxd5 Bxd5 
17.Rad1 Nc7 18.c4 1-0

[Event "HCL-A2591"]
[Site "www.playchess.de"]
[Date "2006.02.10"]
[Round "9"]
[White "maus"]
[Black "FighterFights"]
[WhiteElo "1348"]
[BlackElo "1908"]
[PlyCount "24"]
[Result "0-1"]

1.e4 {hello!ke pasho}  c5 {Hi, Best Luck.}  2.Nf3 
{hello!}  Nc6 {Hello, Good luck.}  3.e5 d5 {Hi, 
good luck to you too.}  4.Bb5 Qa5 5.Bxc6+ bxc6 
6.c3 Ba6 7.d4 e6 8.Bd2 Qb6 9.a3 Qxb2 10.a4 Qxa1 
11.Be3 Rb8 12.Kd2 Rb2+ 0-1

[Event "HCL-A2579"]
[Site "www.playchess.de"]
[Date "2006.02.10"]
[Round "7"]
[White "maus"]
[Black "SMA"]
[WhiteElo "1367"]
[BlackElo "1175"]
[PlyCount "29"]
[Result "1-0"]

1.e4 e5 2.Nf3 Nc6 3.Bc4 Bc5 4.Bd5 Nge7 5.Nxe5 Nxe5 
6.d4 c6 7.Bb3 d5 8.dxe5 f6 9.exf6 gxf6 10.Qh5+ Ng6 
11.exd5 cxd5 12.Bxd5 Qe7+ 13.Qe2 Qxe2+ 14.Kxe2 
Nf4+ 15.Bxf4 1-0

[Event "HCL-E1564"]
[Site "www.playchess.de"]
[Date "2006.02.10"]
[Round "5"]
[White "Matu"]
[Black "alldrix"]
[WhiteElo "1538"]
[BlackElo "1624"]
[PlyCount "56"]
[Result "0-1"]

1.Nf3 e6 2.b3 f5 3.Bb2 Nf6 4.g3 Be7 5.Bg2 O-O 
6.O-O d5 7.e3 c6 8.d4 Nbd7 9.Nbd2 Ne4 10.Nxe4 fxe4 
11.Nd2 Bg5 12.c4 Rf7 13.Qc2 Nf6 14.a3 Bd7 15.b4 
Qe7 16.Nb3 Raf8 17.h3 Ne8 18.c5 Bc8 19.Nd2 Nf6 
20.Bc1 Nd7 21.f4 exf3 22.Nxf3 e5 23.Nxg5 Qxg5 
24.Rxf7 Rxf7 25.e4 Qxg3 26.exd5 cxd5 27.dxe5 Nxe5 
28.Kh1 Rf2 0-1

[Event "HCL-A2531"]
[Site "www.playchess.de"]
[Date "2006.02.10"]
[Round "6"]
[White "seisan"]
[Black "mrchess"]
[WhiteElo "1491"]
[BlackElo "1446"]
[PlyCount "150"]
[Result "0-1"]

1.e4 c5 2.c3 Nc6 3.d4 cxd4 4.cxd4 d5 5.e5 e6 6.Nc3 
Be7 7.Nf3 a6 8.Bd3 Qc7 9.O-O Bd7 10.Be3 Bb4 11.Rc1 
Nge7 12.a3 Ba5 13.b4 Bb6 14.b5 axb5 15.Nxb5 Qb8 
16.Nd6+ Kf8 17.Ng5 Be8 18.Qf3 Nd8 19.Bb5 Nec6 
20.Nxe8 Kxe8 21.Rxc6 bxc6 22.Bxc6+ Ke7 23.Bxa8 
Qxa8 24.Nh3 h6 25.Rb1 Bc7 26.Qg3 g6 27.Bxh6 Rxh6 
28.Qg5+ Kd7 29.Qxh6 Qxa3 30.Ng5 Qd3 31.Re1 Qxd4 
32.Qf8 Qd2 33.Nf3 Qb2 34.h4 Qc3 35.Re3 Qa1+ 36.Kh2 
Qa4 37.g3 Qc6 38.Ng5 Qc2 39.Kg2 Qf5 40.Qc5 Bxe5 
41.f4 Bd6 42.Qb5+ Ke7 43.Qd3 Qxd3 44.Rxd3 f6 
45.Nf3 Nc6 46.Nd4 Nxd4 {(offering draw)}  47.Rxd4 
Kd7 48.Kf3 Kc6 49.g4 Kc5 50.Rd1 e5 51.fxe5 fxe5 
52.h5 gxh5 53.gxh5 Bf8 54.Kg4 Bh6 55.Kf5 Kd6 
56.Kg6 Be3 57.Re1 d4 58.Rxe3 dxe3 59.h6 e2 60.h7 
e1Q 61.h8Q {(offering draw)}  Qb1+ 62.Kg5 Qb7 
63.Qf6+ Kd5 64.Qf3+ {bye,bye queenie!}  e4 
{almost}  65.Qd1+ {(offering draw) hoped you would 
miss e4!}  Ke5 {not yet}  66.Qa1+ Kd5 67.Qd1+ Kc4 
68.Qc2+ Kd4 69.Qd2+ {(offering draw)}  Ke5 70.Qf4+ 
{(offering draw)}  Ke6 71.Qf5+ {no draw?}  Kd6 
{maybe}  72.Qf6+ {(offering draw) i can keep this 
up}  Kc5 73.Qc3+ Kd5 74.Qd2+ Ke6 75.Qa2+ Qd5+ 
{that my friend was a wrong move} 
 0-1

[Event "HCL-A2475"]
[Site "www.playchess.de"]
[Date "2006.02.10"]
[Round "8"]
[White "kali"]
[Black "hreed"]
[WhiteElo "1458"]
[BlackElo "1452"]
[PlyCount "65"]
[Result "1/2-1/2"]

1.e4 e5 2.Nf3 Nc6 3.Bb5 Nf6 4.O-O Nxe4 5.d4 Nd6 
6.Bxc6 dxc6 7.dxe5 Nf5 8.Qxd8+ Kxd8 9.Bg5+ Ke8 
10.Rd1 Be6 11.Nc3 h6 12.Bf4 Rd8 13.Rxd8+ Kxd8 
14.a3 Bc5 15.Rd1+ Kc8 16.b4 Be7 17.Ne4 Rd8 
18.Rxd8+ Kxd8 19.Kf1 Ba2 20.Ke2 Nh4 21.Nxh4 Bxh4 
22.g3 Be7 23.Be3 a6 24.Nc5 Bc4+ 25.Kd2 b6 26.Nd3 
Kd7 27.f4 Ke6 28.Nf2 f6 29.exf6 Bxf6 30.Ne4 Be7 
31.c3 Kf5 32.Nf2 h5 33.h4 {(offering draw)} 
 1/2-1/2

[Event "HCL-A2576"]
[Site "www.playchess.de"]
[Date "2006.02.10"]
[Round "21"]
[White "tensai"]
[Black "RUDI"]
[WhiteElo "1399"]
[BlackElo "1249"]
[PlyCount "33"]
[Result "0-1"]

1.d4 {Good Luck.}  d5 {same to you!}  2.e3 Nf6 
3.Nc3 Bf5 4.Bd3 Bxd3 5.cxd3 e6 6.a3 Bd6 7.Nf3 O-O 
8.b4 a6 9.Ne5 Nbd7 10.O-O Bxe5 11.f4 Bd6 12.h3 Nb6 
13.Qe2 Nbd7 14.e4 dxe4 15.dxe4 Be7 16.e5 Nd5 
17.Ne4 {What is Going on ??}  0-1

[Event "HCL-A2576"]
[Site "www.playchess.de"]
[Date "2006.02.10"]
[Round "13"]
[White "Spotsychess"]
[Black "tensai"]
[WhiteElo "1448"]
[BlackElo "1399"]
[PlyCount "26"]
[Result "1-0"]

1.e4 e5 {Good Luck.}  2.Nf3 d6 3.Bc4 Be6 4.Bxe6 
fxe6 5.d3 Be7 6.Nc3 h6 7.O-O Bf6 8.Ne2 Ne7 9.c3 
Nec6 10.Rb1 Nd7 11.Be3 Nf8 12.d4 exd4 13.cxd4 
Nh7 1-0

[Event "HCL-A2576"]
[Site "www.playchess.de"]
[Date "2006.02.10"]
[Round "12"]
[White "tensai"]
[Black "victorabiodun03"]
[WhiteElo "1399"]
[BlackElo "1357"]
[PlyCount "23"]
[Result "0-1"]

1.d4 {Good Luck.}  Nf6 2.Bg5 Ne4 3.h4 h6 4.Bf4 d5 
5.Qd3 e6 6.f3 Nf6 7.g4 Nbd7 8.c3 c5 9.e3 cxd4 
10.cxd4 Bb4+ 11.Nc3 Qa5 12.Kf2 0-1

[Event "HCL-A2576"]
[Site "www.playchess.de"]
[Date "2006.02.10"]
[Round "15"]
[White "Grand73Am"]
[Black "tensai"]
[WhiteElo "1436"]
[BlackElo "1399"]
[PlyCount "26"]
[Result "1-0"]

1.e4 d6 2.d4 b6 3.Bd3 Ba6 4.Nf3 Bxd3 5.Qxd3 a6 
6.O-O e6 7.Nc3 h6 8.b3 Be7 9.Bb2 Nf6 10.e5 Nh7 
11.Ne4 d5 12.Ng3 O-O 13.Bc1 Ng5 1-0

[Event "HCL-B3847"]
[Site "www.playchess.de"]
[Date "2006.02.10"]
[Round "17"]
[White "WStanEvans"]
[Black "IRONMAIDEN"]
[WhiteElo "1410"]
[BlackElo "1253"]
[PlyCount "86"]
[Result "0-1"]

1.e4 e5 2.Nf3 Nc6 3.Bc4 Bc5 4.c3 Nge7 5.Nxe5 Nxe5 
6.Bxf7+ Kxf7 7.d4 N7g6 8.dxc5 d6 9.cxd6 Qxd6 
10.Qxd6 cxd6 11.O-O Rd8 12.Bg5 Rd7 13.Nd2 b6 14.c4 
Ba6 15.b3 Re8 16.f3 Kg8 17.f4 Nf7 18.Rae1 Nxg5 
19.fxg5 Bb7 20.Re3 Rf8 21.Rxf8+ Kxf8 22.g3 Ne5 
23.h4 Rf7 24.Re2 Nf3+ 25.Nxf3 Rxf3 26.Kg2 Rf7 
27.Kg1 g6 28.e5 dxe5 29.Rxe5 Re7 30.Rxe7 Kxe7 
31.Kf2 Ke6 32.g4 Ke5 33.Ke3 a5 34.a3 Bc6 35.b4 
axb4 36.axb4 Bd7 37.c5 b5 38.h5 Bxg4 39.hxg6 hxg6 
40.Kd3 Kd5 41.Kc3 Bf5 42.c6 Kxc6 43.Kd4 
Kd6 0-1

[Event "HCL-A2576"]
[Site "www.playchess.de"]
[Date "2006.02.10"]
[Round "14"]
[White "tensai"]
[Black "Kannsnich"]
[WhiteElo "1399"]
[BlackElo "1319"]
[PlyCount "29"]
[Result "0-1"]

1.d4 {Good Luck.}  Nf6 2.Bg5 g6 3.Bxf6 exf6 4.e3 
Bg7 5.c4 O-O 6.Bd3 f5 7.Ne2 Nc6 8.Nbc3 d6 9.a3 Bd7 
10.b4 Ne7 11.O-O Nc6 12.Nf4 a6 13.a4 Nxb4 14.Be4 
fxe4 15.Nxe4 0-1

[Event "HCL-A2576"]
[Site "www.playchess.de"]
[Date "2006.02.10"]
[Round "11"]
[White "GED"]
[Black "tensai"]
[WhiteElo "1433"]
[BlackElo "1399"]
[PlyCount "24"]
[Result "1-0"]

1.e4 {hello from liverpool, and good luck!}  e5 
{Same to you.}  2.Nf3 d6 3.Bc4 Bg4 4.d3 Be6 5.b3 
Bxc4 6.bxc4 Be7 7.O-O Nf6 8.Nc3 c6 9.Rb1 b6 10.Ne2 
Na6 11.Bg5 Nh5 12.Bxe7 Qxe7 1-0

[Event "HCL-A2435"]
[Site "www.playchess.de"]
[Date "2006.02.10"]
[Round "17"]
[White "k_a_n_i_b_a_l"]
[Black "tensai"]
[WhiteElo "1574"]
[BlackElo "1418"]
[PlyCount "132"]
[Result "1-0"]

1.d4 c6 2.c4 h6 3.e4 e6 4.Nc3 Bb4 5.Nf3 Bxc3+ 
6.bxc3 Ne7 7.Bd3 O-O 8.O-O a6 9.e5 d6 10.Bf4 Ng6 
11.Bg3 b6 12.Qc2 b5 13.cxb5 axb5 14.Bxg6 fxg6 
15.Qxg6 d5 16.h3 Qe8 17.Qg4 Rf5 18.Nh4 Rg5 19.Qe2 
Qf7 20.Qd3 Nd7 21.f4 Rh5 22.f5 Nf8 23.f6 g5 24.Nf3 
Ba6 25.Qe3 b4 26.Rfc1 bxc3 27.Rxc3 Bc4 28.a4 Qg6 
29.Nd2 Bb5 30.Rca3 Ba6 31.Qc3 c5 32.Qxc5 Rc8 
33.Qb6 Bc4 34.a5 g4 35.hxg4 Qxg4 36.Qb7 Rd8 37.a6 
Rd7 38.Qb6 Bxa6 39.Qxa6 Qxd4+ 40.Bf2 Qxd2 41.Rg3+ 
Kh8 42.Qc8 Rf7 43.Re1 Rg5 44.Rxg5 Qxg5 45.Qc3 Qf5 
46.Qe3 Kh7 47.Rf1 Nd7 48.Bg3 Qg5 49.Bf4 Qg6 50.Rf3 
Nxf6 51.exf6 Rxf6 52.Rg3 Qf5 53.Be5 Rf7 54.Rf3 
Qb1+ 55.Kh2 Rxf3 56.Qxf3 Qf5 57.Qxf5+ exf5 58.Kg3 
Kg6 59.Kf4 h5 60.g3 h4 61.gxh4 Kh5 62.Kg3 Kg6 
63.Kf4 Kh5 64.Bf6 d4 65.Kf3 d3 66.Ke3 
Kg4 1-0

[Event "HCL-E1505"]
[Site "www.playchess.de"]
[Date "2006.02.10"]
[Round "14"]
[White "Zirni"]
[Black "Niedermayr"]
[WhiteElo "1656"]
[BlackElo "2000"]
[PlyCount "80"]
[Result "0-1"]

1.e4 c6 2.d4 d5 3.Nd2 dxe4 4.Nxe4 Bf5 5.Ng3 Bg6 
6.Nf3 Nd7 7.Bc4 e6 8.O-O Be7 9.Re1 h6 10.Bf4 Ngf6 
11.Ne5 Nxe5 12.Rxe5 Bd6 13.Qe2 Bxe5 14.dxe5 Nd5 
15.Rd1 Qb6 16.Bxd5 cxd5 17.c3 O-O 18.Nh5 Bxh5 
19.Qxh5 Qxb2 20.Bxh6 gxh6 21.Qxh6 Qc2 22.Re1 Qg6 
23.Qc1 Rfc8 24.Re3 Kf8 25.Rg3 Qh7 26.Rh3 Qg7 
27.Rg3 {(offering draw)}  Qxe5 28.h3 Ke7 29.Re3 
Qd6 30.Rg3 Rcg8 31.Rf3 Rg6 32.Qe3 b6 33.Qd4 Rag8 
34.g3 Rh6 35.g4 Rhg6 36.Qe3 Rf6 37.Rg3 Qf4 38.Qe1 
Rc8 39.Kg2 Qe4+ 40.Qxe4 dxe4 0-1

[Event "HCL-B3807"]
[Site "www.playchess.de"]
[Date "2006.02.10"]
[Round "7"]
[White "Genrry28"]
[Black "dynamike"]
[WhiteElo "1200"]
[BlackElo "1479"]
[PlyCount "53"]
[Result "1-0"]

1.d4 Nf6 2.c4 g6 3.Nc3 d5 4.cxd5 Nxd5 5.e4 Nxc3 
6.bxc3 Bg7 7.Nf3 c5 8.Be3 Nc6 9.Bb5 Qa5 10.Bxc6+ 
{HAPPY NEW YEAR 2006!! :)}  bxc6 11.O-O Bg4 12.h3 
Bxf3 13.Qxf3 Rb8 14.e5 O-O 15.Qe2 Rfd8 16.Rab1 a6 
17.Rb2 Rb5 18.Rfb1 cxd4 19.cxd4 Qa4 20.R2xb5 cxb5 
21.Rc1 Qa3 22.Qc2 b4 23.Qc7 Re8 24.Qd7 Rb8 25.Rc8+ 
Rxc8 26.Qxc8+ Bf8 27.Bh6 1-0

[Event "HCL-C4023"]
[Site "www.playchess.de"]
[Date "2006.02.10"]
[Round "2"]
[White "CallDutte"]
[Black "el_lopez"]
[WhiteElo "1232"]
[BlackElo "800"]
[PlyCount "93"]
[Result "1-0"]

1.e4 Nc6 2.Bb5 Ne5 3.d4 c6 4.dxe5 cxb5 5.Qe2 a6 
6.Nf3 e6 7.O-O g6 8.Nc3 b4 9.Nd1 Bc5 10.Be3 Qa5 
11.Bxc5 Qxc5 12.c4 b5 13.cxb5 Qxb5 14.Qxb5 axb5 
15.Nd4 Ba6 16.Rc1 Rc8 17.Rxc8+ Bxc8 18.Re1 Bb7 
19.Nxb5 Nh6 20.Nd6+ Ke7 21.Nxb7 Rc8 22.f3 g5 23.a3 
Rc7 24.Na5 Rc5 25.Nb3 Rxe5 26.a4 g4 27.f4 Rh5 
28.g3 Ng8 {Happy new year 2006!!!}  29.Nf2 {For 
you too!! 2006}  Nf6 30.e5 Ne8 31.Nxg4 Nc7 32.Nc5 
Nd5 33.a5 d6 34.Nd3 Kd7 35.Nxb4 Nxb4 36.Nf6+ Kc6 
37.Nxh5 d5 38.Nf6 Nd3 39.Rb1 h6 40.b4 d4 41.b5+ 
Kb7 42.a6+ Kb6 43.Nd7+ Ka5 44.Ra1+ Kxb5 45.a7 Kc6 
46.a8Q+ Kxd7 47.Ra7+ 1-0

[Event "HCL-M875"]
[Site "www.playchess.de"]
[Date "2006.02.10"]
[Round "4"]
[White "BanzayFish"]
[Black "dzwonek"]
[WhiteElo "1889"]
[BlackElo "1991"]
[PlyCount "45"]
[Result "1/2-1/2"]

1.c4 {good game}  c5 2.Nf3 {jerk}  Nc6 3.Nc3 Nf6 
4.d4 cxd4 5.Nxd4 e6 6.g3 Bb4 7.Bg2 O-O 8.O-O Qe7 
9.Nc2 Bxc3 10.bxc3 Rd8 11.Ba3 d6 12.Nd4 Ne5 13.Qb3 
a6 14.f4 Neg4 15.Nc2 e5 16.h3 Nh6 17.g4 Nhxg4 
18.hxg4 Nxg4 19.Qb6 Qh4 20.Rf3 Qh2+ 21.Kf1 Be6 
22.Bxd6 Bxc4 23.Re1 {(offering draw) now we have a 
draw position.}  1/2-1/2

[Event "HCL-A2558"]
[Site "www.playchess.de"]
[Date "2006.02.10"]
[Round "10"]
[White "MindenFele"]
[Black "freno"]
[WhiteElo "1546"]
[BlackElo "1577"]
[PlyCount "58"]
[Result "1/2-1/2"]

1.e4 {Happy New Year!}  c5 {happy new year, and 
hello from Paris}  2.Nf3 a6 3.d4 cxd4 4.Nxd4 d6 
5.Nc3 Nc6 6.Be2 g6 7.O-O Bg7 8.Be3 Nf6 9.Nxc6 bxc6 
10.Qd2 O-O 11.Bh6 Qb6 12.Bxg7 Kxg7 13.b3 Bb7 
14.Kh1 a5 15.f4 c5 16.Bf3 Nd7 17.f5 Ne5 18.fxg6 
hxg6 19.Qg5 Nxf3 20.Rxf3 f6 21.Qe3 Rfh8 22.Nd5 
Bxd5 23.exd5 Qb7 24.Rd1 Qd7 25.Rg3 Rh5 26.Qd3 Qf5 
27.Qe2 Qe5 28.Qg4 Qf5 29.Qe2 Qe5 {(offering draw) 
a draw ?}  1/2-1/2

[Event "HCL-A2458"]
[Site "www.playchess.de"]
[Date "2006.02.10"]
[Round "21"]
[White "tiit145"]
[Black "ados99"]
[WhiteElo "1547"]
[BlackElo "1414"]
[PlyCount "80"]
[Result "0-1"]

1.Na3 {HelloQ}  a6 2.Nf3 {Hello!Greetings from 
Tallinn-Estonia}  b5 {Hello Estonia from 
Coventry!}  3.e4 Bb7 4.e5 g6 5.Nb1 Bg7 6.c3 c5 
7.Qe2 Nc6 8.Ng5 Nxe5 9.d4 cxd4 10.f4 Nc4 11.a4 
dxc3 12.bxc3 h6 13.Nf3 Qc7 14.Qa2 Bd5 15.Qe2 Nf6 
16.Na3 Ne4 17.Ra2 Nxc3 18.Qf2 Nxa2 19.Qxa2 Nxa3 
20.Qxa3 bxa4 21.Qxa4 Qxc1+ 22.Kf2 Qc5+ 23.Kg3 h5 
24.h4 Bc6 25.Qc4 Qxc4 26.Bxc4 d5 27.Bd3 a5 28.Ng5 
a4 29.Nf3 a3 30.Ng5 a2 31.Rc1 Bd7 32.Rd1 a1Q 
33.Rxa1 Rxa1 34.f5 Bxf5 35.Bxf5 gxf5 36.Nf3 d4 
37.Kf4 e6 38.Ne5 f6 39.Nc6 Ra3 40.Nxd4 
Bh6+ 0-1

[Event "ACL-T171"]
[Site "www.playchess.de"]
[Date "2006.02.10"]
[Round "1"]
[White "Kimura"]
[Black "ksterleu"]
[WhiteElo "1856"]
[BlackElo "1543"]
[PlyCount "49"]
[Result "1/2-1/2"]

1.e4 e5 2.Nf3 Nc6 3.Bb5 f5 4.d4 fxe4 5.Nxe5 Nxe5 
6.dxe5 c6 7.Nc3 cxb5 8.Nxe4 d5 9.exd6 Nf6 10.Bg5 
Qa5+ 11.Nc3 b4 12.Bxf6 gxf6 13.Nd5 Bxd6 14.Nxf6+ 
Ke7 15.Nd5+ Kd7 16.Qg4+ Kc6 17.Qc4+ Qc5 18.Nxb4+ 
Kb6 19.Nd5+ Kc6 20.Nb4+ Kb6 21.Nd5+ Kc6 22.Nb4+ 
Kb6 23.Nd5+ Kc6 24.Nb4+ Kb6 25.Nd5+ {(offering 
draw)}  1/2-1/2

[Event "ACL-M065"]
[Site "www.playchess.de"]
[Date "2006.02.10"]
[Round "14"]
[White "Lullo"]
[Black "michail"]
[WhiteElo "2171"]
[BlackElo "1925"]
[PlyCount "95"]
[Result "1-0"]

1.d4 Nf6 2.Nf3 e6 3.c4 b6 4.a3 Bb7 5.Nc3 d5 6.cxd5 
Nxd5 7.Qc2 Be7 8.e4 Nxc3 9.bxc3 Nd7 10.Bd3 c5 
11.O-O Qc7 12.Qe2 O-O 13.Be3 Rfd8 14.a4 Rac8 15.g3 
Nf6 16.Bf4 Qc6 17.Ne5 Qe8 18.a5 cxd4 19.axb6 axb6 
20.Ra7 Ba8 21.cxd4 Rxd4 22.f3 Rb4 23.Rfa1 b5 
24.Kg2 Nh5 25.Be3 Bf6 26.Nxf7 Rb2 27.Nd6 Rxe2+ 
28.Bxe2 Bxa1 29.Nxe8 Be5 30.Bxb5 Bc6 31.Bxc6 Rxc6 
32.f4 Bb8 33.Ra8 Rc8 34.Nd6 Rf8 35.Nb7 Bc7 36.Ra6 
e5 37.Rc6 Bb8 38.f5 Nf6 39.Kf3 Nd7 40.g4 h6 41.Bc5 
Nxc5 42.Nxc5 Rd8 43.h4 Ba7 44.Ne6 Rd3+ 45.Ke2 Re3+ 
46.Kd2 Bd4 47.Rc8+ Kf7 48.Rc7+ 1-0

[Event "ACL-T166"]
[Site "www.playchess.de"]
[Date "2006.02.10"]
[Round "36"]
[White "BDG_Girl"]
[Black "Chascarrillo"]
[WhiteElo "1770"]
[BlackElo "2133"]
[PlyCount "28"]
[Result "0-1"]

1.g4 d5 2.Bg2 e5 3.d4 e4 4.c4 c6 5.Nc3 Bb4 6.Qb3 
Na6 7.cxd5 Qxd5 8.Qxd5 cxd5 9.f3 exf3 10.Nxf3 Bxg4 
11.a3 Bxc3+ 12.bxc3 Ne7 13.c4 Rd8 14.cxd5 
Nxd5 0-1

[Event "HCL-C4027"]
[Site "www.playchess.de"]
[Date "2006.02.10"]
[Round "1"]
[White "Farquhart"]
[Black "Innessa"]
[WhiteElo "420"]
[BlackElo "843"]
[PlyCount "66"]
[Result "0-1"]

1.e4 e5 {Hi !  Good luck !}  2.Nf3 d6 3.d3 Nf6 
4.Nc3 c6 5.a4 Bg4 6.h3 Bh5 7.Ra3 d5 8.Nxe5 Bxa3 
9.bxa3 Bxd1 10.Nxd1 O-O 11.Ne3 d4 12.Nf5 Qa5+ 
13.Bd2 Qxe5 14.Bb4 c5 15.Ba5 Nc6 16.Bd2 a5 17.h4 
c4 18.Rh3 cxd3 19.cxd3 Qc5 20.Rg3 g6 21.Nh6+ Kh8 
22.Bg5 Kg7 23.Ng4 Nxg4 24.f3 Qc3+ 25.Ke2 Ne3 
26.Bxe3 dxe3 27.Kxe3 Rad8 28.h5 Qd4+ 29.Kf4 Qe5+ 
30.Kg4 Qxh5+ 31.Kf4 Qe5+ 32.Kg4 Nd4 33.f4 
f5+ 0-1

[Event "HCL-B3836"]
[Site "www.playchess.de"]
[Date "2006.02.10"]
[Round "5"]
[White "sundfar"]
[Black "ama49"]
[WhiteElo "1310"]
[BlackElo "1183"]
[PlyCount "79"]
[Result "1-0"]

1.d4 Nf6 {Hello again}  2.c4 {hello}  d5 3.Bg5 e6 
4.e3 Be7 5.Nc3 O-O 6.Nf3 h6 7.Bxf6 Bxf6 8.Be2 Nc6 
9.O-O a6 10.Re1 dxc4 11.Bxc4 Na5 12.Qd3 Nxc4 
13.Qxc4 b5 14.Qd3 Bb7 15.e4 c6 16.e5 Be7 17.Ne4 c5 
18.Qe2 c4 19.Rac1 Bxe4 20.Qxe4 Bg5 21.Rcd1 Qe7 
22.h4 Bxh4 23.Nxh4 b4 24.d5 exd5 25.Rxd5 Rad8 
26.Rxd8 Rxd8 27.Qxc4 a5 28.Nf5 Qe6 29.Qxe6 fxe6 
30.Nd6 Kf8 31.Nb7 Rd2 32.Rb1 a4 33.Na5 Re2 34.f4 
g5 35.fxg5 hxg5 36.Nc6 b3 37.axb3 axb3 38.Kf1 Rc2 
39.Nd4 Rc5 40.Nxe6+ {not good...} 
 1-0

[Event "HCL-E1537"]
[Site "www.playchess.de"]
[Date "2006.02.10"]
[Round "10"]
[White "Roberto_Sammi"]
[Black "kanturali"]
[WhiteElo "2019"]
[BlackElo "1978"]
[PlyCount "26"]
[Result "0-1"]

1.c4 Nf6 2.Nc3 e6 3.g3 c5 4.Bg2 Nc6 5.e4 d6 6.f4 
Be7 7.d3 O-O 8.Nge2 a6 9.O-O Qc7 10.b3 b6 11.Bb2 
Bb7 12.Bh3 Rfd8 13.a3 Bf8 0-1

[Event "HCL-E1535"]
[Site "www.playchess.de"]
[Date "2006.02.10"]
[Round "14"]
[White "temple"]
[Black "alldrix"]
[WhiteElo "1727"]
[BlackElo "1600"]
[PlyCount "63"]
[Result "1-0"]

1.d4 {Happy New Year.gl.}  e6 {likewise! :)}  2.c4 
f5 3.Nf3 Nf6 4.a3 Be7 5.Nc3 O-O 6.e3 c6 7.d5 cxd5 
8.cxd5 exd5 9.Nxd5 Nxd5 10.Qxd5+ Kh8 11.Ne5 Qe8 
12.Bc4 h6 13.Nf7+ Kh7 14.Qxf5+ g6 15.Qd5 Nc6 
16.O-O Bf6 17.Nd6 Qe7 18.Rb1 Be5 19.Nxc8 Raxc8 
20.f4 Bc7 21.Rd1 Rcd8 22.Bd3 Bb6 23.f5 Bxe3+ 
24.Bxe3 Qxe3+ 25.Kh1 Ne7 26.fxg6+ Nxg6 27.Rde1 Qg5 
28.Qd6 Rf7 29.Re5 Qg4 30.Re7 Kg7 31.Rxf7+ Kxf7 
32.Rf1+ 1-0

[Event "HCL-A2593"]
[Site "www.playchess.de"]
[Date "2006.02.10"]
[Round "3"]
[White "foinaven"]
[Black "Devo"]
[WhiteElo "1426"]
[BlackElo "1700"]
[PlyCount "48"]
[Result "0-1"]

1.d4 Nf6 {Hi frm Denmark!}  2.c4 {We are Devo}  e5 
{Ha ha, whip it!}  3.dxe5 {1980's rock band}  Ne4 
{a very origanal band}  4.a3 Nc6 5.Nf3 d6 6.Qc2 d5 
7.e3 Bg4 8.Be2 Be7 9.Nc3 Bxf3 10.Bxf3 Nxe5 11.Bxe4 
dxe4 12.O-O f5 13.b3 c6 14.Bb2 Qc7 15.Ne2 Ng4 
16.g3 O-O 17.Nf4 Qd6 18.Rad1 Qh6 19.h4 g5 20.Ng2 
gxh4 21.gxh4 Bxh4 22.Nxh4 Qxh4 23.f3 Nxe3 24.Qc3 
Qg3+ 0-1